LEADER 01562nam a2200289 u 4500 001 000000041037 003 CaOOAMICUS 005 20070226114153.0 008 980918m19481963it u000 u ita u 035 $a10803655 040 $aEFR$bita 100 1 $aPettazzoni, Raffaele,$d1883-1959.$0(OLS)http://pul/name/4552 245 10$aMiti e leggende /$cRaffaele Pettazzoni. 260 $aTorino :$bUnione tipografico-editrice torinese,$c1948-1963. 300 $a4 v. ;$c28 cm 505 0 $a1. Africa, Australia. --v. 2. Oceania. --3. America settentrionale. --4. America centrale e meridionale. 650 0$aMythology.$2//eng$0(OLS)http://pul/subject/18507 650 0$aLegends.$2//eng$0(OLS)http://pul/subject/18508 650 4$aFolklore.$0(OLS)http://pul/subject/3382 850 $aPUL 852 $aPUL$W1$xDP1 Fondo Ciprotti$y59$m1549 G 1$j55655$nBK-PRI$b $qFondi$B55655$CPULBib$Z2$F55655 $H $81 852 $aPUL$W1$xDP1 Fondo Dalla Palma$y117$m3 G 18.1$j191582$bv. 1$qFondi$B195690$CPULBib$Z2$F195690 $HDal1074 $81 852 $aPUL$W1$xDP1 Fondo Dalla Palma$y117$m3 G 18.3$j191583$bv. 3$qFondi$B195691$CPULBib$Z2$F195691 $HDal1075 $81 852 $aPUL$W1$xDP1 Fondo Dalla Palma$y117$m3 G 18.4$j191584$bv. 4$qFondi$B195692$CPULBib$Z2$F195692 $HDal1076 $81 941 1 $a1 996 $6245$aMiti e leggende$9(OLS)http://pul/title/55356 996 $6260$aTorino :$bUnione tipografico-editrice torinese$9(OLS)http://pul/publisher/48298 LEADER 01313nam a2200301 a 4500 001 000000135878 003 CaOOAMICUS 005 20131022105820.0 008 131022s2005 gw u000 u ita r 020 $a3-515-08721-4 040 $aPUL$bita 082 04$a937 100 1 $aAmerise, Marilena.$0(OLS)http://pul/name/82152 245 13$aIl battesimo di Costantino il Grande :$bstoria di una scomoda eredità /$cMarilena Amerise. 260 $aStuttgart :$bSteiner,$c©2005. 300 $a177 p. ;$c24 cm 490 1 $aHermes. Einzelschriften ;$v95 504 $aBibliografia p. [143]-172. 600 04$aConstantinus Magnus,$cimperatore romano,$d272-337$xCritica e interpretazione.$0(OLS)http://pul/subject/13204 830 0$aHermes.$pEinzelschriften ;$v95.$0(OLS)http://pul/title/171786 850 $aPUL 852 $aPUL$W1$xSL Cons. Gen., Altre Classi 3$y75$m937 AMEMA 1$j156701$qDDC 21$B156042$CPULBib$Z2$F156042 $H123052 $82 941 1 $a9 996 $6020$a3-515-08721-4$9(OLS)http://pul/number/153788 996 $6082$a937$9(OLS)http://pul/classification/1931 996 $6245$aIl battesimo di Costantino il Grande :$bstoria di una scomoda eredità$9(OLS)http://pul/title/171785 996 $6260$aStuttgart :$bSteiner$9(OLS)http://pul/publisher/82519